| 000 | 01398nam a2200301 4500 | ||
|---|---|---|---|
| 999 |
_c81676 _d318953 |
||
| 003 | OSt | ||
| 005 | 20220823144802.0 | ||
| 008 | 090627s2014 jo g 000 0 ara c | ||
| 020 | _a9789957164010 | ||
| 040 |
_aMa-Un _cMa-Un |
||
| 082 | 0 | 4 |
_a370.1523 _bر ح أ _221 |
| 100 | 1 |
_aأبو رياش، حسين محمد _943157 |
|
| 245 | 1 | 0 |
_aأصول استراتيجيات التعلم والتعليم : _bالنظرية والتطبيق = Principles of learning and teaching strategies principles : Theory and practice / _cحسين محمد أبو رياش، سليم محمد شريف، عبد الحكيم الصافي. |
| 246 | 3 | 0 | _aأصول استراتيجيات التعلم والتعليم |
| 246 | 3 | 1 |
_aPrinciples of learning and teaching strategies principles : _bTheory and practice |
| 250 | _aط. 2. | ||
| 264 |
_aعمان، الأردن : _bدار الثقافة للنشر والتوزيع، _c2014 _m1435. |
||
| 300 |
_a416 ص. : _bإيض. ؛ _c24 سم. |
||
| 504 | _aيشتمل على قائمة ببليوجرافية. | ||
| 650 | 7 |
_aالتعلم _998184 |
|
| 650 | 7 |
_aالتعليم _998185 |
|
| 650 | 7 |
_aطرق التدريس _998186 |
|
| 650 | 7 |
_aعلم النفس التربوي _998187 |
|
| 700 | 1 |
_aشريف، سليم محمد، _eم. مشارك. _942944 |
|
| 700 | 1 |
_aالصافي، عبد الحكيم، _eم. مشارك. _998183 |
|
| 942 |
_2ddc _cBOOK |
||
| 535 | 2 | _a3 | |